000 00471nam a2200193Ia 4500
005 20240403134557.0
008 131103s9999 xx 000 0 und d
040 _aLoreto College
041 _aEnglish
082 _a170
_bWUS
100 _aLouis
245 _aLouis Martin An Ideal Father
_cLouis & Marjorie Wust
260 _aUSA
_bApostolate
_c1953
300 _a374p.
650 _aMoral science
700 _aWust, Marjorie
850 _aLCBED
942 _cBK
999 _c32232
_d82711